watch - Billie Eilish (Lyrics) - Statistiken

Allgemein
  • Dieses Quiz wurde 253 mal gespielt
  • Das Durchschnittsergebnis liegt bei 217 aus 280
Antwortstatistiken
Antwort % Korrekt
me
98%
me?
98%
I
97%
My
94%
my
94%
what
94%
you
94%
You
94%
heart
93%
burn
92%
to
92%
watch
91%
Watch
91%
and
89%
And
89%
in
89%
the
89%
that
88%
With
87%
fire
86%
started
86%
be
85%
But
83%
never
83%
Never
83%
Lips
81%
now
81%
Now
81%
If
80%
at
79%
we
79%
We
79%
When
79%
your
79%
Your
79%
skips
78%
would
78%
by
76%
car
76%
have
76%
it
76%
out
76%
were
76%
back
74%
back,
74%
meant
74%
Go
73%
once
73%
See
72%
see
72%
been
71%
I'll
71%
beats
69%
meet
69%
teeth
69%
so
68%
So
68%
sit
67%
came
66%
is
66%
let
66%
Let
66%
put
66%
Do
65%
do
65%
love
64%
right
64%
all
63%
eight
63%
ahead
62%
wanna
62%
tongue
61%
him
59%
ask
56%
fake
56%
get
56%
think
56%
feels
54%
come
53%
could
53%
make
51%
runnin'?
51%
call
50%
name
50%
did
49%
same
49%
sleep
49%
slept
49%
blow
48%
eyes,
48%
aren't
46%
know
46%
demands
45%
high
45%
am
44%
close
44%
I'm
44%
nothin'
44%
need
43%
picture
43%
will
43%
fantasy?
41%
free
41%
lies
41%
givin'
40%
'em
36%
fantasize,
36%
good
36%
gonna
35%
keep
31%
Keine übereinstimmenden Quizze gefunden
Verteilung der Resultate
Anzahl Personen mit jedem Resultat
Perzentil nach korrekt beantworteten Fragen
Ihre Resultats-Entwicklung
Sie haben dieses Quiz noch nicht gespielt